000000352 001__ 352 000000352 005__ 20260410124446.0 000000352 0247_ $$2DOI$$a10.6083/M4CJ8BFR 000000352 037__ $$aETD 000000352 245__ $$aRisk factors associated with contraception non-use between 1995 and 2002 an analysis of the national survey of family growth, cycle 5 and cycle 6 datasets 000000352 260__ $$bOregon Health and Science University 000000352 269__ $$a2008 000000352 336__ $$aThesis 000000352 502__ $$bM.S. 000000352 520__ $$aThis study examined changes in contraception non‑use among sexually active women aged 15–44 who did not desire pregnancy, using nationally representative data from the 1995 and 2002 National Survey of Family Growth. Contraception non‑use increased from 5.2% to 7.4% during this period. Multivariate analysis identified several significant risk factors for non‑use, including age 15–19, non‑Hispanic Black ethnicity, high‑school education, unemployment, lack of insurance, and Catholic affiliation. Cohabitation with a male partner, maternal age 20–24 at first birth, and living in rural areas were protective. After adjusting for predictors, women in 2002 remained 47% more likely to be non‑users than in 1995. Findings confirm persistent high‑risk groups and highlight growing disparities, particularly related to insurance status. 000000352 540__ $$fCC BY 000000352 542__ $$fIn copyright - single owner 000000352 650__ $$aContraception$$017054 000000352 650__ $$aContraception Behavior$$017055 000000352 650__ $$aHealthcare Disparities$$037945 000000352 650__ $$aRisk Factors$$025522 000000352 650__ $$aYoung Adult$$038480 000000352 650__ $$aPregnancy$$024523 000000352 650__ $$aAdolescent$$014285 000000352 650__ $$aContraception, Barrier$$035164 000000352 650__ $$aFamily Planning Services$$018880 000000352 6531_ $$anational survey of family growth 000000352 691__ $$aSchool of Medicine$$041369 000000352 692__ $$aDepartment of Public Health and Preventive Medicine$$041444 000000352 7001_ $$aRobertson, Lauren$$uOregon Health and Science University$$041354 000000352 8564_ $$943450726-951f-4d64-b9dc-8876baaf2593$$s201087$$uhttps://digitalcollections.ohsu.edu/record/352/files/353_etd.pdf$$ePublic$$2ae8b4f08382c126d5ea41f5da1098152$$31 000000352 901__ $$a<p>These documents are archival records. They are retained for historical reference only. </p><p><b>Need an accessible version? Use the ‘Get Accessible Copy’ link above.</b></p> 000000352 905__ $$a/rest/prod/w0/89/29/94/w0892994f 000000352 909CO $$ooai:digitalcollections.ohsu.edu:352$$pstudent-work 000000352 956__ $$aGet Accessible Copy$$uhttps://ohsu.libwizard.com/f/requestaccessibledocument 000000352 980__ $$aTheses and Dissertations